[Event "56th TCh-DEN Ex 2017-18"]
[Site "Denmark DEN"]
[Date "2018.03.10"]
[Round "8.1"]
[Board "8"]
[White "Grove, Peter"]
[Black "Noer, Martin Stampe"]
[Result "1-0"]
[WhiteElo "2190"]
[BlackElo "1864"]
[WhiteTeam "Nordea Skanderborg"]
[BlackTeam "Nordkalotten"]
[WhiteFideId "1411101"]
[BlackFideId "1412221"]
[EventDate "2017.11.18"]

1. e4 c6 2. d4 d5 3. Nc3 dxe4 4. Nxe4 Nf6 5. Nxf6+ exf6 6. c3 Bd6 7. Bd3 O-O 8.
Qc2 Re8+ 9. Ne2 h5 10. Be3 Nd7 11. O-O-O Nf8 12. Ng3 Bg4 13. Rde1 Qa5 14. Ne4
Rad8 15. a3 Be6 16. h3 b5 17. g4 h4 18. g5 fxg5 19. Bxg5 Be7 20. Rhg1 Kh8 21.
Qd1 g6 22. Qd2 Kg7 23. Bh6+ Kh7 24. Ng5+ Bxg5 25. Qxg5 Rd5 26. Qxh4 Rh5 27. Qxh5
f5 28. Qh4 1-0

[Event "56th TCh-DEN Ex 2017-18"]
[Site "Denmark DEN"]
[Date "2018.03.10"]
[Round "8.2"]
[Board "1"]
[White "Hillarp Persson, Tiger"]
[Black "Teplyi, Igor"]
[Result "1/2-1/2"]
[WhiteTitle "GM"]
[BlackTitle "IM"]
[WhiteElo "2531"]
[BlackElo "2412"]
[WhiteTeam "Bronshoj"]
[BlackTeam "Nordre"]
[WhiteFideId "1700812"]
[BlackFideId "1413767"]
[EventDate "2017.11.18"]

1. Nf3 c5 2. b4 cxb4 3. a3 bxa3 4. c4 Nf6 5. Nc3 d5 6. cxd5 Nxd5 7. Nxd5 Qxd5 8.
Bxa3 Nc6 9. Qb1 e5 10. e4 Qe6 11. Bxf8 Kxf8 12. Bb5 Qe7 13. Bxc6 bxc6 14. d4
exd4 15. Nxd4 c5 16. Ne2 Bb7 17. Nc3 h5 18. O-O Rh6 19. Qc2 Rb6 20. Rfd1 g6 21.
f3 Kg8 22. Ra5 Bc6 23. Qf2 Rd8 24. Rxd8+ Qxd8 25. Rxc5 Rb1+ 26. Nxb1 Qd1+ 27.
Qf1 Qd4+ 28. Qf2 Qd1+ 29. Qf1 1/2-1/2

[Event "56th TCh-DEN Ex 2017-18"]
[Site "Denmark DEN"]
[Date "2018.03.10"]
[Round "8.2"]
[Board "2"]
[White "Petersen, Tom Petri"]
[Black "Bromann, Thorbjorn"]
[Result "1/2-1/2"]
[WhiteTitle "FM"]
[BlackTitle "IM"]
[WhiteElo "2293"]
[BlackElo "2387"]
[WhiteTeam "Nordre"]
[BlackTeam "Bronshoj"]
[WhiteFideId "1403486"]
[BlackFideId "1403893"]
[EventDate "2017.11.18"]

1. d4 c5 2. c3 Nf6 3. Nf3 g6 4. Nbd2 cxd4 5. cxd4 d5 6. Ne5 Bg7 7. e3 O-O 8. Be2
b6 9. b4 Bb7 10. O-O Nbd7 11. Bb2 Ne8 12. b5 f6 1/2-1/2

[Event "56th TCh-DEN Ex 2017-18"]
[Site "Denmark DEN"]
[Date "2018.03.10"]
[Round "8.2"]
[Board "3"]
[White "Aabling-Thomsen, Jakob"]
[Black "Olsen, Filip Boe"]
[Result "0-1"]
[WhiteTitle "IM"]
[BlackTitle "FM"]
[WhiteElo "2360"]
[BlackElo "2267"]
[WhiteTeam "Bronshoj"]
[BlackTeam "Nordre"]
[WhiteFideId "1407589"]
[BlackFideId "1440640"]
[EventDate "2017.11.18"]

1. Nf3 d5 2. b3 Nf6 3. Bb2 Bf5 4. c4 c6 5. e3 e6 6. Be2 h6 7. Nc3 Bd6 8. h3 Nbd7
9. Rc1 Qe7 10. d4 O-O 11. O-O a5 12. Re1 Ne4 13. Nxe4 dxe4 14. c5 Bc7 15. Nd2
Qg5 16. Bf1 Nf6 17. g3 h5 18. Bg2 Qg6 19. Kh1 Rfd8 20. a3 Nh7 21. Qe2 Ng5 22.
Qf1 h4 23. gxh4 Nh7 24. h5 Qxh5 25. Nxe4 Qh4 26. Nd6 Bxd6 27. cxd6 Ng5 28. Kh2
Rxd6 29. f3 e5 30. dxe5 Rh6 31. Rc4 Qh5 32. h4 Rd8 33. Qf2 Rd3 34. Rf4 Rxb3 35.
Re2 Ne6 36. Ra4 Nc5 37. Rd4 Nd3 38. Rxd3 Bxd3 39. Rd2 Qxh4+ 40. Qxh4 Rxh4+ 41.
Kg3 Rc4 42. e6 fxe6 43. Be5 Kf7 44. e4 Rc5 45. Bc7 Rc2 46. Rd1 a4 47. Bh3 Bxe4
48. Rd7+ Kg6 49. Bxe6 Rxf3+ 50. Kh4 Kh6 0-1

[Event "56th TCh-DEN Ex 2017-18"]
[Site "Denmark DEN"]
[Date "2018.03.10"]
[Round "8.2"]
[Board "4"]
[White "Sloth, Jorn"]
[Black "Pilgaard, Kim"]
[Result "1/2-1/2"]
[WhiteTitle "FM"]
[BlackTitle "IM"]
[WhiteElo "2295"]
[BlackElo "2381"]
[WhiteTeam "Nordre"]
[BlackTeam "Bronshoj"]
[WhiteFideId "1400240"]
[BlackFideId "1400657"]
[EventDate "2017.11.18"]

1. Nf3 d5 2. e3 Nf6 3. c4 e6 4. b3 Be7 5. Bb2 O-O 6. Nc3 b6 7. d4 Bb7 8. Bd3
Nbd7 9. O-O c5 10. cxd5 cxd4 11. Nxd4 Nxd5 12. Nxd5 Bxd5 13. Rc1 Rc8 14. Qe2
Rxc1 15. Rxc1 Nc5 16. Bb1 Qa8 17. b4 Ne4 18. f3 Nf6 19. Qc2 g6 20. a3 Rd8 21. e4
Bb7 22. Qb3 Rc8 23. Rd1 Rd8 24. Rc1 Rc8 25. Rd1 Rd8 1/2-1/2

[Event "56th TCh-DEN Ex 2017-18"]
[Site "Denmark DEN"]
[Date "2018.03.10"]
[Round "8.2"]
[Board "5"]
[White "Hoi, Carsten"]
[Black "Christensen, Jan"]
[Result "1/2-1/2"]
[WhiteTitle "GM"]
[WhiteElo "2354"]
[BlackElo "2180"]
[WhiteTeam "Bronshoj"]
[BlackTeam "Nordre"]
[WhiteFideId "1400100"]
[BlackFideId "1400916"]
[EventDate "2017.11.18"]

1. d4 Nf6 2. c4 c5 3. e3 g6 4. Nc3 cxd4 5. exd4 d5 6. Nf3 Bg7 7. Bg5 Ne4 8. Bh4
Nxc3 9. bxc3 Nc6 10. Be2 O-O 11. O-O Bf5 12. cxd5 Qxd5 13. Qb3 Qd7 14. Rfd1 Rac8
15. Rac1 Qc7 16. d5 Na5 17. Qa3 f6 18. Nd4 Nc4 19. Qb3 Nd6 20. Nxf5 gxf5 21. Bg3
Bh6 22. Bxd6 exd6 23. Rc2 Rfe8 24. c4 b6 25. Qh3 Kg7 26. Qxf5 Re5 27. Qg4+ Kh8
28. g3 f5 29. Qh3 Qg7 30. Bd3 Rf8 31. Re2 Rxe2 32. Bxe2 Qg6 33. Bd3 Bg7 34. Re1
Be5 35. Kh1 Qg4 36. Kg2 Qxh3+ 37. Kxh3 f4 38. g4 f3 39. g5 Kg7 40. Re4 Rf4 41.
Rxf4 Bxf4 42. Kg4 Bxh2 43. Kxf3 h6 44. gxh6+ Kxh6 45. Kg4 Kg7 46. Kf5 Kf7 47.
Be2 Ke7 48. Ke4 Kf6 49. f4 Bg1 50. Bg4 Bh2 51. Bc8 Bg1 52. Kd3 Bh2 53. f5 Ke5
54. Kc3 Bg1 55. Kb4 Bc5+ 56. Kb5 Kf6 57. Kc6 Ke7 58. a4 Bd4 59. Be6 Bc5 60. Bg8
Bd4 61. Bh7 Bc5 62. Bg6 Bd4 63. Bh5 Bc5 64. Bd1 Bd4 65. Bc2 Bc5 66. Kb7 Bd4 67.
Kxa7 b5+ 68. Ka6 bxa4 69. Bxa4 Bc5 70. Kb7 Kf6 1/2-1/2

[Event "56th TCh-DEN Ex 2017-18"]
[Site "Denmark DEN"]
[Date "2018.03.10"]
[Round "8.2"]
[Board "6"]
[White "Klitgaard, Thomas"]
[Black "Palm, Nikolaj"]
[Result "1/2-1/2"]
[BlackTitle "FM"]
[WhiteElo "2195"]
[BlackElo "2319"]
[WhiteTeam "Nordre"]
[BlackTeam "Bronshoj"]
[WhiteFideId "1408267"]
[BlackFideId "1402145"]
[EventDate "2017.11.18"]

1. d4 d5 2. c4 e6 3. Nc3 Nf6 4. cxd5 exd5 5. Bg5 Nbd7 6. e3 c6 7. Bd3 Be7 8. Qc2
h6 9. Bf4 Nf8 10. h3 Ne6 11. Bh2 Bd6 12. Bxd6 Qxd6 13. Nf3 O-O 14. O-O b6 15.
Rab1 Bb7 16. b4 Rfe8 17. a4 Re7 18. Ne2 Nd7 19. Ng3 g6 20. Rfc1 Ng5 21. Nxg5
hxg5 22. e4 dxe4 23. Nxe4 Qxd4 24. Nxg5 Qf4 25. Nf3 c5 26. Qd2 Qf6 27. Qg5 Qxg5
28. Nxg5 Ne5 29. Re1 Kf8 30. Nh7+ Kg7 31. f4 Kxh7 32. Rxe5 Rxe5 33. fxe5 Rd8 34.
Be2 Rd2 35. Bf3 Bxf3 36. gxf3 cxb4 37. Rxb4 Re2 38. f4 Kh6 39. Rc4 g5 40. Rc7
gxf4 41. Rxa7 1/2-1/2

[Event "56th TCh-DEN Ex 2017-18"]
[Site "Denmark DEN"]
[Date "2018.03.10"]
[Round "8.2"]
[Board "7"]
[White "Laursen, Niels Norskov"]
[Black "Hoiberg, Nina"]
[Result "1/2-1/2"]
[WhiteTitle "FM"]
[BlackTitle "WIM"]
[WhiteElo "2304"]
[BlackElo "2148"]
[WhiteTeam "Bronshoj"]
[BlackTeam "Nordre"]
[WhiteFideId "1404709"]
[BlackFideId "1400720"]
[EventDate "2017.11.18"]

1. e4 e5 2. Nf3 Nc6 3. d4 exd4 4. Nxd4 Bc5 5. Nxc6 Qf6 6. Qf3 bxc6 7. Nd2 Qxf3
8. gxf3 d5 9. Nb3 Bd6 10. exd5 cxd5 11. Bb5+ Bd7 12. Bxd7+ Kxd7 13. Be3 Ne7 14.
O-O-O a5 15. a4 Rhb8 16. Rhe1 Rb4 17. Rd4 g6 18. h3 c6 19. Rxb4 axb4 20. a5 Nf5
21. Bb6 Bc7 22. Nc5+ Kd6 23. Nb7+ Kd7 24. Nc5+ Kd6 25. Nb7+ 1/2-1/2

[Event "56th TCh-DEN Ex 2017-18"]
[Site "Denmark DEN"]
[Date "2018.03.10"]
[Round "8.2"]
[Board "8"]
[White "Holst, Per"]
[Black "Greger, Roland Reinhard"]
[Result "0-1"]
[WhiteElo "2140"]
[BlackElo "2298"]
[WhiteTeam "Nordre"]
[BlackTeam "Bronshoj"]
[WhiteFideId "1405411"]
[BlackFideId "1401530"]
[EventDate "2017.11.18"]

1. d4 Nf6 2. c4 e6 3. Nf3 b6 4. g3 Bb7 5. Bg2 Be7 6. O-O O-O 7. Nc3 Ne4 8. Bd2
f5 9. Ne5 d6 10. Nd3 Bf6 11. Nf4 Qc8 12. d5 Nxc3 13. Bxc3 Bxc3 14. bxc3 e5 15.
Ne6 Rf6 16. f4 Nd7 17. e4 fxe4 18. f5 c6 19. Bxe4 Rf7 20. Ng5 cxd5 21. Bxd5 Qc5+
22. Kg2 Bxd5+ 23. Qxd5 Qxd5+ 24. cxd5 Re7 25. Ne6 Rc8 26. c4 Rxc4 27. Rac1 Rxc1
28. Rxc1 Nc5 29. g4 h6 30. h4 Rf7 31. h5 Rd7 32. Kf3 Kf7 33. Ke3 Kf6 34. Rc2 Re7
35. Rc1 Rb7 36. Rc2 Rf7 37. Rc1 Re7 38. Rc2 Rb7 39. Rc1 Rb8 40. Rc2 Rc8 41. Rg2
a5 42. g5+ hxg5 43. Rxg5 Nxe6 44. Rg6+ Kxf5 45. Rxe6 Rh8 46. Rxd6 Rxh5 47. Rxb6
Rh3+ 48. Ke2 Rh2+ 49. Ke3 Rxa2 50. Rb7 Ra3+ 51. Kd2 Ke4 0-1

[Event "56th TCh-DEN Ex 2017-18"]
[Site "Denmark DEN"]
[Date "2018.03.10"]
[Round "8.3"]
[Board "1"]
[White "Thybo, Jesper Sondergaard"]
[Black "Jahncke, Giso"]
[Result "1/2-1/2"]
[WhiteTitle "IM"]
[BlackTitle "FM"]
[WhiteElo "2472"]
[BlackElo "2352"]
[WhiteTeam "Jetsmark"]
[BlackTeam "BOV"]
[WhiteFideId "1438832"]
[BlackFideId "24608289"]
[EventDate "2017.11.18"]

1. d4 d5 2. c4 c6 3. Nc3 Nf6 4. cxd5 cxd5 5. Bf4 Nc6 6. e3 Bf5 7. Qb3 Na5 8.
Qa4+ Bd7 9. Qc2 e6 10. Bd3 Bb4 11. a3 Bxc3+ 12. Qxc3 Rc8 13. Qb4 Ne4 14. Ne2 g5
15. Bxe4 gxf4 16. Bd3 fxe3 17. fxe3 Qb6 18. Qxb6 axb6 19. b4 Nc4 20. Bxc4 Rxc4
21. Kd2 Ke7 22. Rhc1 Rxc1 23. Rxc1 Ra8 24. Rc3 f6 25. Rb3 Bb5 26. Nf4 Bc4 27.
Rc3 e5 28. Nh5 Rg8 29. Ng3 b5 30. dxe5 fxe5 31. e4 dxe4 32. Ke3 Rg4 33. Rc2 Rg8
34. Nxe4 Rd8 35. Nf2 Ra8 36. Rc3 Ke6 37. Ne4 b6 38. g4 h6 39. Ng3 Kf6 40. h3 Ra7
41. Ke4 Rd7 42. Rf3+ Ke6 43. Rf8 Rd4+ 44. Ke3 Rd3+ 45. Kf2 Rxa3 46. Rh8 Ra2+ 47.
Ke3 Ra3+ 48. Kf2 Ra2+ 49. Ke3 1/2-1/2

[Event "56th TCh-DEN Ex 2017-18"]
[Site "Denmark DEN"]
[Date "2018.03.10"]
[Round "8.3"]
[Board "2"]
[White "Xu, Xianliang"]
[Black "Rasmussen, Allan Stig"]
[Result "0-1"]
[WhiteTitle "FM"]
[BlackTitle "GM"]
[WhiteElo "2397"]
[BlackElo "2540"]
[WhiteTeam "BOV"]
[BlackTeam "Jetsmark"]
[WhiteFideId "4603230"]
[BlackFideId "1406000"]
[EventDate "2017.11.18"]

1. e4 e6 2. Nf3 d5 3. exd5 exd5 4. d4 Bd6 5. c4 Nf6 6. Nc3 O-O 7. c5 Be7 8. Be3
b6 9. Be2 Ng4 10. Bf4 bxc5 11. O-O c6 12. Na4 c4 13. b3 cxb3 14. axb3 Nd7 15.
Qc2 Bb7 16. Bd3 g6 17. Nc5 Nxc5 18. dxc5 Re8 19. Rfe1 Nf6 20. Re2 Bf8 21. Rxe8
Nxe8 22. h4 Ng7 23. Be5 Bc8 24. Qc3 Bg4 25. Bf6 Qc8 26. Nd4 Nh5 27. Be5 Bd7 28.
Be2 Qe8 29. Bh2 Qe4 30. Bxh5 Bg7 31. Rd1 gxh5 32. Qb4 Re8 33. Bg3 Qg4 34. Rd3
Bf5 35. Rd2 Re1+ 36. Kh2 Be5 37. Nxc6 Be4 38. Nxe5 Rh1+ 0-1

[Event "56th TCh-DEN Ex 2017-18"]
[Site "Denmark DEN"]
[Date "2018.03.10"]
[Round "8.3"]
[Board "3"]
[White "Jensen, Bjarke"]
[Black "Krause, Jonah"]
[Result "1/2-1/2"]
[WhiteTitle "FM"]
[BlackTitle "FM"]
[WhiteElo "2319"]
[BlackElo "2366"]
[WhiteTeam "Jetsmark"]
[BlackTeam "BOV"]
[WhiteFideId "1403702"]
[BlackFideId "12907910"]
[EventDate "2017.11.18"]

1. e4 c5 2. Nf3 e6 3. d4 cxd4 4. Nxd4 Nc6 5. Nc3 Qc7 6. g3 a6 7. Bg2 Nf6 8. O-O
Nxd4 9. Qxd4 Bc5 10. Bf4 d6 11. Qd3 Nd7 12. Na4 e5 13. Bd2 Bd4 14. c3 Ba7 15. b4
b5 16. Nb2 Nb6 17. Be3 O-O 18. Rfd1 Bg4 19. Rd2 Rfd8 20. a4 Be6 21. axb5 axb5
22. Qxb5 Qxc3 23. Rxa7 Rxa7 24. Qxb6 Raa8 25. Nd1 Qb3 26. Bf1 Bg4 1/2-1/2

[Event "56th TCh-DEN Ex 2017-18"]
[Site "Denmark DEN"]
[Date "2018.03.10"]
[Round "8.3"]
[Board "4"]
[White "Hoefelsauer, Thomas"]
[Black "Thogersen, Rasmus"]
[Result "1/2-1/2"]
[WhiteTitle "FM"]
[WhiteElo "2348"]
[BlackElo "2251"]
[WhiteTeam "BOV"]
[BlackTeam "Jetsmark"]
[WhiteFideId "24668842"]
[BlackFideId "1431412"]
[EventDate "2017.11.18"]

1. c4 g6 2. Nc3 c5 3. g3 Bg7 4. Bg2 Nc6 5. Nf3 e6 6. d4 cxd4 7. Nb5 d5 8. cxd5
exd5 9. O-O Nge7 10. Nfxd4 O-O 11. Be3 Re8 12. Rc1 a6 13. Nxc6 Nxc6 14. Nd4 Nxd4
15. Bxd4 Bxd4 16. Qxd4 Rxe2 17. Rc5 Qe7 18. Qc3 Be6 19. Bxd5 Bxd5 20. Rxd5 Re8
21. Rd2 h5 22. h4 Re1 23. Rd4 Qe2 24. Rxe1 Qxe1+ 25. Qxe1 Rxe1+ 26. Kg2 Re2 27.
Rb4 b5 1/2-1/2

[Event "56th TCh-DEN Ex 2017-18"]
[Site "Denmark DEN"]
[Date "2018.03.10"]
[Round "8.3"]
[Board "5"]
[White "Rosenkilde, Alexander"]
[Black "Schwarz, Frank"]
[Result "1-0"]
[WhiteElo "2216"]
[BlackElo "2237"]
[WhiteTeam "Jetsmark"]
[BlackTeam "BOV"]
[WhiteFideId "1408488"]
[BlackFideId "4658035"]
[EventDate "2017.11.18"]

1. d4 Nf6 2. c4 e6 3. g3 d5 4. Nf3 Be7 5. Bg2 O-O 6. O-O dxc4 7. Qc2 a6 8. Qxc4
b5 9. Qc2 Bb7 10. Bd2 Nc6 11. e3 Nb4 12. Bxb4 Bxb4 13. a3 Bd6 14. Nc3 c5 15.
dxc5 Bxc5 16. Nxb5 Bxe3 17. Rad1 Qb6 18. Nd6 Bd5 19. Nc4 Bxc4 20. Qxc4 Rac8 21.
Qe2 Bc5 22. b4 Be7 23. Ne5 Rc7 24. Rc1 Rfc8 25. Rxc7 Rxc7 26. Rd1 Rc3 27. Rd3
Rc1+ 28. Rd1 Rc3 29. Rd3 Qc7 30. Rxc3 Qxc3 31. Nc6 Bf8 32. Qxa6 Qc1+ 33. Bf1 Nd5
34. Nd4 Qd2 35. Qd3 Qb2 36. Nb5 g6 37. Bg2 Qc1+ 38. Qf1 Qd2 39. Bf3 Nc3 40. Kg2
Qb2 41. Nxc3 Qxc3 42. Qa6 Qb2 43. Qa8 h5 44. h4 Kg7 45. Bc6 Bd6 46. Be8 Be7 47.
Qf3 f5 48. Qe3 Qf6 49. Bd7 e5 50. Qb3 Qb6 51. Be8 Qf6 52. a4 Kf8 53. Bb5 Qd6 54.
Qe3 Qd5+ 55. Kh2 Kg7 56. Qa7 Kf6 57. Be8 Bxb4 58. Qh7 e4 59. Qxg6+ Ke7 60. Bb5
Bc5 61. Qg7+ Kd8 62. Qg5+ Kc7 63. Qf4+ Bd6 64. Qc1+ Kb6 65. Be8 Bc5 66. Bxh5 Qa2
67. Qh6+ Kb7 68. Qh7+ Kb6 69. Qg6+ Ka5 70. Qxf5 Qxf2+ 71. Qxf2 Bxf2 72. Kg2 Be1
73. Be8 Kb6 74. h5 Bd2 75. Bg6 Ka5 76. Be8 Kb6 77. Kh3 Bh6 78. Kg4 e3 79. Bb5
Ka5 80. Kf5 e2 81. Bxe2 Kxa4 82. Kg6 1-0

[Event "56th TCh-DEN Ex 2017-18"]
[Site "Denmark DEN"]
[Date "2018.03.10"]
[Round "8.3"]
[Board "6"]
[White "Reinecker, Kai"]
[Black "Rathlev, Jakob"]
[Result "0-1"]
[BlackTitle "CM"]
[WhiteElo "2254"]
[BlackElo "2218"]
[WhiteTeam "BOV"]
[BlackTeam "Jetsmark"]
[WhiteFideId "4663390"]
[BlackFideId "1405284"]
[EventDate "2017.11.18"]

1. e4 c6 2. d4 d5 3. Nc3 dxe4 4. Nxe4 Bf5 5. Ng3 Bg6 6. N1e2 e6 7. Nf4 Bd6 8.
Ngh5 Kf8 9. Bc4 Nf6 10. Ng3 Qc7 11. Qf3 Nbd7 12. Be3 e5 13. Nxg6+ hxg6 14. O-O-O
Rh4 15. Bb3 a5 16. c3 a4 17. Bc2 Qa5 18. Bg5 e4 19. Nxe4 Rxe4 20. Bxe4 Qxg5+ 21.
Kc2 Nxe4 22. Qxe4 Nf6 23. Qf3 Ra5 24. h4 Qf5+ 25. Qxf5 Rxf5 26. f3 Bg3 27. Rh3
Nh5 28. Kd2 Ke7 29. b3 axb3 30. axb3 Ra5 31. Rhh1 Ra2+ 32. Kd3 Kd6 33. Ra1 Nf4+
34. Kc4 b5+ 35. Kb4 Nd5# 0-1

[Event "56th TCh-DEN Ex 2017-18"]
[Site "Denmark DEN"]
[Date "2018.03.10"]
[Round "8.3"]
[Board "7"]
[White "Wilbrandt, Simon Pil"]
[Black "Junge, Kai"]
[Result "1/2-1/2"]
[WhiteElo "2115"]
[BlackElo "2212"]
[WhiteTeam "Jetsmark"]
[BlackTeam "BOV"]
[WhiteFideId "1436988"]
[BlackFideId "4605454"]
[EventDate "2017.11.18"]

1. d4 Nf6 2. c4 g6 3. Nc3 Bg7 4. e4 d6 5. Nf3 O-O 6. Be2 e5 7. d5 a5 8. Be3 Nbd7
9. Nd2 Nc5 10. O-O Ne8 11. b3 f5 12. f3 Qh4 13. Qe1 Qe7 14. a3 Nd7 15. b4 Ndf6
16. c5 Nh5 17. Nc4 axb4 18. axb4 Rxa1 19. Qxa1 Nf4 20. Kh1 Nxe2 21. Nxe2 fxe4
22. fxe4 Qh4 23. Nc3 Rxf1+ 24. Qxf1 h5 25. Qf2 Qe7 26. Kg1 Bf6 27. Qg3 Kh7 28.
Nb5 Bd7 29. cxd6 Nxd6 30. Nbxd6 cxd6 31. Qf3 Kg7 32. Bd2 Bb5 33. Na3 Be8 34. Qe3
Qc7 35. b5 Bf7 36. b6 Qd7 37. Nc4 Be7 38. h3 Qb5 39. Qd3 Be8 40. Kh2 Bd7 41. Qc3
g5 42. Qb4 Kh7 43. Qxb5 Bxb5 44. Na5 Ba6 45. Nc6 Bf6 46. Bb4 Bd3 47. Na5 Bxe4
48. Nxb7 Bxd5 49. Nxd6 Be7 50. Ne8 Bd8 51. Ba5 Be7 52. Bb4 Bd8 53. Ba5 Be7 54.
Nc7 Bb7 55. Bc3 e4 56. Bd4 1/2-1/2

[Event "56th TCh-DEN Ex 2017-18"]
[Site "Denmark DEN"]
[Date "2018.03.10"]
[Round "8.3"]
[Board "8"]
[White "Wolter, Jens"]
[Black "Grubert, Christian"]
[Result "0-1"]
[WhiteElo "2152"]
[BlackElo "2156"]
[WhiteTeam "BOV"]
[BlackTeam "Jetsmark"]
[WhiteFideId "4698185"]
[BlackFideId "1406744"]
[EventDate "2017.11.18"]

1. e4 c5 2. Nf3 g6 3. d4 cxd4 4. Nxd4 Bg7 5. c4 Nc6 6. Be3 Nf6 7. Nc3 O-O 8. Be2
d6 9. O-O Bd7 10. Rc1 Nxd4 11. Bxd4 Bc6 12. f3 a5 13. Qd2 a4 14. Rfd1 Qa5 15.
Be3 Rfc8 16. Kh1 Bd7 17. Bg5 Be6 18. Nd5 Bxd5 19. Qxa5 Rxa5 20. exd5 Nd7 21. Rc2
Kf8 22. Rdc1 Rac5 23. Be3 R5c7 24. f4 b5 25. b3 a3 26. g4 Bb2 27. Rf1 bxc4 28.
bxc4 Nf6 29. f5 Nxd5 30. Bh6+ Bg7 31. Bxg7+ Kxg7 32. Rf3 Ra7 33. Rd2 Nb6 34. f6+
exf6 35. Rxd6 Nxc4 36. Rdxf6 Ne5 37. Rf2 Rc2 38. Bd1 Rc1 39. Rd6 Nc4 40. Rd4 Rb7
41. Rc2 Rbb1 42. Rdxc4 Rxc2 43. Rxc2 Rxd1+ 44. Kg2 Rb1 45. Kg3 Rb2 46. Rc6 Rxa2
47. g5 Ra1 48. Ra6 a2 49. Kg2 h6 50. h4 hxg5 51. hxg5 Rb1 52. Rxa2 Rb5 0-1

[Event "56th TCh-DEN Ex 2017-18"]
[Site "Denmark DEN"]
[Date "2018.03.10"]
[Round "8.4"]
[Board "1"]
[White "Haubro, Martin"]
[Black "Hagen, Andreas Skytte"]
[Result "1/2-1/2"]
[WhiteTitle "IM"]
[BlackTitle "IM"]
[WhiteElo "2297"]
[BlackElo "2383"]
[WhiteTeam "BMS"]
[BlackTeam "Aarhus/Skolerne"]
[WhiteFideId "1414291"]
[BlackFideId "1407341"]
[EventDate "2017.11.18"]

1. e4 c5 2. Nf3 d6 3. d4 cxd4 4. Nxd4 Nf6 5. Nc3 a6 6. h3 e6 7. g4 Be7 8. Bg2
Nfd7 9. Be3 Nc6 10. Qe2 Nxd4 11. Bxd4 O-O 12. O-O b5 13. e5 d5 14. Qe3 b4 15.
Ne2 a5 16. c4 bxc3 17. Nxc3 Rb8 18. Rfc1 Ba6 19. Rc2 Nb6 20. b3 Rb7 21. Bf1 Bxf1
22. Rxf1 Nd7 23. Na4 Ba3 24. f4 Rc7 25. Rcf2 Qh4 26. f5 Be7 27. Qd3 Rfc8 28. Qf3
Rf8 29. Kg2 Rcc8 30. Re2 Qh6 31. Rh1 exf5 32. gxf5 Nc5 33. Nc3 Rfd8 34. Rf1 Qc6
35. Kh1 Kh8 36. Qh5 Qe8 37. f6 Bf8 38. e6 g6 39. exf7 Qc6 40. Qg4 Ne4 41. Nxe4
dxe4 42. Qxe4 Qd7 43. Kg2 Qxf7 44. Bb2 Kg8 45. Qe6 Qxe6 46. Rxe6 Rc2+ 47. Rf2
Rxf2+ 48. Kxf2 Kf7 49. Re4 Rd2+ 50. Re2 Bc5+ 51. Kf1 Rd1+ 52. Kg2 Bd4 53. Bxd4
Rxd4 54. Rf2 Rd3 55. Rf3 Rd2+ 56. Rf2 Rd3 57. Rf3 Rd2+ 58. Rf2 Rd3 1/2-1/2

[Event "56th TCh-DEN Ex 2017-18"]
[Site "Denmark DEN"]
[Date "2018.03.10"]
[Round "8.4"]
[Board "2"]
[White "Sorensen, Jan"]
[Black "Rostgaard, Tobias Valentin"]
[Result "1-0"]
[WhiteTitle "IM"]
[BlackTitle "FM"]
[WhiteElo "2420"]
[BlackElo "2335"]
[WhiteTeam "Aarhus/Skolerne"]
[BlackTeam "BMS"]
[WhiteFideId "1400150"]
[BlackFideId "1408801"]
[EventDate "2017.11.18"]

1. d4 d5 2. Nf3 Nf6 3. e3 c5 4. c4 e6 5. Nc3 Nc6 6. cxd5 exd5 7. Be2 cxd4 8.
Nxd4 Bd6 9. O-O O-O 10. Nf3 Be6 11. b3 Rc8 12. Bb2 Qe7 13. Nb5 Bb4 14. a3 Ba5
15. Rc1 Rfd8 16. Nbd4 Bb6 17. Qd3 Ne4 18. b4 Bg4 19. Nxc6 bxc6 20. Ne5 Bxe2 21.
Qxe2 Qe6 22. Rc2 f6 23. Nf3 Nd6 24. Bd4 Nc4 25. Rc3 Re8 26. Rfc1 Ra8 27. Qd3 Qe4
28. Qd1 Bxd4 29. Nxd4 Rec8 30. Nb3 Nxa3 31. Nc5 Qxb4 32. Rb3 Qa5 33. Rb7 Rab8
34. Qg4 g6 1-0

[Event "56th TCh-DEN Ex 2017-18"]
[Site "Denmark DEN"]
[Date "2018.03.10"]
[Round "8.4"]
[Board "3"]
[White "Sahl, Bjarke"]
[Black "Skytte, Rasmus"]
[Result "0-1"]
[WhiteTitle "IM"]
[BlackTitle "IM"]
[WhiteElo "2333"]
[BlackElo "2394"]
[WhiteTeam "BMS"]
[BlackTeam "Aarhus/Skolerne"]
[WhiteFideId "1400231"]
[BlackFideId "1404210"]
[EventDate "2017.11.18"]

1. e4 g6 2. d4 Bg7 3. Nc3 a6 4. Be3 d6 5. Qd2 b5 6. f3 c6 7. h4 h5 8. Nh3 Bxh3
9. Rxh3 Nd7 10. Rh1 Ngf6 11. Kf2 Qc7 12. Be2 O-O 13. Rhd1 e5 14. Kg1 d5 15. exd5
cxd5 16. dxe5 Nxe5 17. Nxd5 Nxd5 18. Qxd5 Rfe8 19. Qc5 Qxc5 20. Bxc5 Rac8 21.
Bd4 Rxc2 22. Bf1 Nc4 23. Bxg7 Kxg7 24. b3 Ne3 25. Re1 Re6 26. a4 Rb2 27. axb5
axb5 28. Rab1 Nxf1 29. Rxf1 Ree2 30. Rxb2 Rxb2 31. Rc1 Rxb3 32. Rc6 Rb2 33. Rb6
b4 34. Kh2 b3 35. Kg3 Kf8 36. Kf4 Ke8 37. g3 Kf8 38. Ke3 Rb1 39. Kf4 Kg7 40. Rb7
b2 41. Rb6 Kf8 42. Rb8+ Ke7 43. Rb7+ Ke6 44. Rb6+ Kd5 45. Rb5+ Kc4 46. Rb8 Kc3
47. Rc8+ Kd3 48. Rd8+ Ke2 49. Rb8 Kf2 50. g4 Kg2 51. Rb3 hxg4 52. Kxg4 Kh2 53.
Kf4 Kh3 54. Rb8 f6 55. Rb7 g5+ 56. hxg5 fxg5+ 57. Kf5 g4 58. Kf4 g3 59. Rh7+ Kg2
60. Rd7 0-1

[Event "56th TCh-DEN Ex 2017-18"]
[Site "Denmark DEN"]
[Date "2018.03.10"]
[Round "8.4"]
[Board "4"]
[White "Christensen, Tobias"]
[Black "Seegert, Kristian"]
[Result "1-0"]
[WhiteTitle "IM"]
[WhiteElo "2352"]
[BlackElo "2241"]
[WhiteTeam "Aarhus/Skolerne"]
[BlackTeam "BMS"]
[WhiteFideId "1400673"]
[BlackFideId "1405098"]
[EventDate "2017.11.18"]

1. e4 e5 2. f4 exf4 3. Bc4 Nf6 4. Nc3 Nc6 5. Nf3 Na5 6. Bb5 a6 7. e5 axb5 8.
exf6 Qxf6 9. Nxb5 Qb6 10. Qe2+ Be7 11. d4 O-O 12. O-O Bf6 13. Nc3 Bxd4+ 14. Nxd4
Qxd4+ 15. Kh1 g5 16. Bd2 Nc4 17. Rad1 Nxb2 18. Nb5 Qc5 19. Rb1 Nc4 20. Bb4 Qe5
21. Qxc4 d6 22. Bc3 Qf5 23. Nxc7 Ra3 24. Rb5 Rxc3 25. Qxc3 Qg6 26. Nd5 1-0